[Event "Moscow Open 2018 F"]
[Site "?"]
[Date "2018.02.03"]
[Round "9.16"]
[White "Antonov, Andrey P."]
[Black "Lugovets, Dmitry"]
[Result "0-1"]
[BlackElo "1975"]
[WhiteElo "2176"]
[LiveChessVersion "1.4.8"]

1. e4 {[%clk 1:30:58]} c5 {[%clk 1:12:43]} 2. Nf3 {[%clk 1:31:07]} Nf6
{[%clk 1:13:03]} 3. e5 {[%clk 1:30:41]} Nd5 {[%clk 1:13:26]} 4. c3
{[%clk 1:31:04]} e6 {[%clk 1:13:25]} 5. Bc4 {[%clk 1:30:08]} Nb6 {[%clk 1:13:26]}
6. Bb3 {[%clk 1:30:33]} c4 {[%clk 1:13:31]} 7. Bc2 {[%clk 1:30:57]} Nc6
{[%clk 1:13:57]} 8. d4 {[%clk 1:30:34]} cxd3 {[%clk 1:14:06]} 9. Qxd3
{[%clk 1:30:52]} Qc7 {[%clk 1:13:27]} 10. Qe4 {[%clk 1:22:44]} d5
{[%clk 1:06:07]} 11. exd6 {[%clk 1:20:20]} Bxd6 {[%clk 1:06:34]} 12. O-O
{[%clk 1:17:11]} Bd7 {[%clk 0:56:52]} 13. a4 {[%clk 1:17:38]} Ne5
{[%clk 0:50:26]} 14. Nxe5 {[%clk 1:13:10]} Bxe5 {[%clk 0:50:47]} 15. f4
{[%clk 1:12:06]} Bd6 {[%clk 0:49:34]} 16. Na3 {[%clk 1:12:02]} a6
{[%clk 0:46:25]} 17. a5 {[%clk 1:08:00]} Nd5 {[%clk 0:35:55]} 18. Nc4
{[%clk 1:07:02]} Bc5+ {[%clk 0:31:30]} 19. Kh1 {[%clk 1:06:09]} Bc6
{[%clk 0:21:03]} 20. Qe5 {[%clk 1:05:46]} Bb5 {[%clk 0:14:05]} 21. Ba4
{[%clk 1:01:08]} Qxe5 {[%clk 0:12:43]} 22. Nxe5 {[%clk 0:57:09]} Ke7
{[%clk 0:11:59]} 23. c4 {[%clk 0:54:54]} Bxa4 {[%clk 0:12:21]} 24. Rxa4
{[%clk 0:55:12]} Nb4 {[%clk 0:08:32]} 25. b3 {[%clk 0:41:54]} Rhd8
{[%clk 0:05:13]} 26. Ba3 {[%clk 0:39:51]} Nd3 {[%clk 0:05:42]} 27. Nxd3
{[%clk 0:37:25]} Bxa3 {[%clk 0:06:10]} 28. Rf3 {[%clk 0:35:57]} Bd6
{[%clk 0:05:21]} 29. Kg1 {[%clk 0:36:24]} f6 {[%clk 0:04:57]} 30. Kf2
{[%clk 0:36:26]} Rac8 {[%clk 0:05:20]} 31. Ra2 {[%clk 0:36:07]} Bb8
{[%clk 0:05:35]} 32. Re2 {[%clk 0:34:37]} Ba7+ {[%clk 0:05:53]} 33. Ke1
{[%clk 0:33:46]} Rd4 {[%clk 0:05:31]} 34. f5 {[%clk 0:24:20]} Rcd8
{[%clk 0:04:03]} 35. Rxe6+ {[%clk 0:22:40]} Kf7 {[%clk 0:04:32]} 36. Kd2
{[%clk 0:17:31]} Bb8 {[%clk 0:02:45]} 37. Kc3 {[%clk 0:16:50]} Bxh2
{[%clk 0:01:28]} 38. g3 {[%clk 0:14:38]} Rg4 {[%clk 0:01:16]} 39. Nc5
{[%clk 0:13:12]} Rb8 {[%clk 0:00:41]} 40. Ne4 {[%clk 0:12:30]} h5
{[%clk 0:00:43]} 41. Rd3 {[%clk 0:11:45]} h4 {[%clk 0:01:00]} 42. Nd6+
{[%clk 0:11:23]} Kf8 {[%clk 0:00:55]} 43. Rde3 {[%clk 0:10:10]} Rxg3
{[%clk 0:01:02]} 44. Kd2 {[%clk 0:10:03]} Rxe3 {[%clk 0:00:38]} 45. Kxe3
{[%clk 0:10:28]} Be5 {[%clk 0:00:34]} 46. Kf3 {[%clk 0:09:03]} h3
{[%clk 0:00:48]} 47. b4 {[%clk 0:09:11]} Bxd6 {[%clk 0:00:35]} 48. Rxd6
{[%clk 0:09:38]} Ke7 {[%clk 0:01:04]} 49. Rd2 {[%clk 0:06:57]} Rh8
{[%clk 0:01:25]} 50. Kg3 {[%clk 0:07:25]} Rh5 {[%clk 0:01:38]} 51. Rh2
{[%clk 0:07:32]} Rxf5 {[%clk 0:01:10]} 52. Rxh3 {[%clk 0:07:59]} Kd6
{[%clk 0:01:25]} 53. Rh8 {[%clk 0:08:22]} Kc7 {[%clk 0:01:28]} 54. Rh7
{[%clk 0:07:38]} Rg5+ {[%clk 0:01:41]} 55. Kf4 {[%clk 0:08:06]} Rg1
{[%clk 0:01:09]} 56. Ke4 {[%clk 0:07:54]} Kc6 {[%clk 0:01:14]} 57. Rh8
{[%clk 0:06:52]} Rg4+ {[%clk 0:01:39]} 58. Kd3 {[%clk 0:07:20]} g5
{[%clk 0:01:31]} 59. Rc8+ {[%clk 0:07:45]} Kd7 {[%clk 0:01:59]} 60. Ra8
{[%clk 0:07:48]} Rf4 {[%clk 0:02:07]} 61. b5 {[%clk 0:08:04]} axb5
{[%clk 0:02:22]} 62. cxb5 {[%clk 0:08:30]} Rb4 {[%clk 0:01:52]} 63. b6
{[%clk 0:08:56]} Kc6 {[%clk 0:02:06]} 64. Rf8 {[%clk 0:07:19]} Rf4
{[%clk 0:02:26]} 65. Rf7 {[%clk 0:07:44]} Kb5 {[%clk 0:02:19]} 66. Rxb7
{[%clk 0:08:05]} Kxa5 {[%clk 0:02:48]} 67. Ke3 {[%clk 0:08:21]} Rb4
{[%clk 0:02:59]} 68. Rd7 {[%clk 0:08:23]} Rxb6 {[%clk 0:03:19]} 69. Rc7
{[%clk 0:08:46]} Rb4 {[%clk 0:03:32]} 70. Rc5+ {[%clk 0:09:08]} Ka4
{[%clk 0:03:52]} 71. Rf5 {[%clk 0:09:30]} Rb6 {[%clk 0:04:21]} 72. Rc5
{[%clk 0:09:39]} Rb5 {[%clk 0:04:14]} 73. Rc6 {[%clk 0:09:55]} Rf5
{[%clk 0:04:39]} 74. Rb6 {[%clk 0:10:22]} g4 {[%clk 0:04:39]} 75. Rb8
{[%clk 0:10:29]} Rf3+ {[%clk 0:04:51]} 76. Ke2 {[%clk 0:10:56]} f5
{[%clk 0:05:09]} 77. Rb7 {[%clk 0:10:46]} f4 {[%clk 0:05:03]} 78. Rg7
{[%clk 0:10:46]} Re3+ {[%clk 0:05:30]} 79. Kf2 {[%clk 0:11:09]} g3+
{[%clk 0:05:58]} 80. Kg2 {[%clk 0:11:30]} Re2+ {[%clk 0:06:16]} 81. Kg1
{[%clk 0:11:57]} Kb4 {[%clk 0:06:25]} 82. Rc7 {[%clk 0:12:18]} f3
{[%clk 0:06:36]} 0-1